| 000 | 00624nam a22001217a 4500 | ||
|---|---|---|---|
| 040 | _cRUA | ||
| 082 | _aDVM SEN 2025 B707 Or.1 | ||
| 100 | _aSENG SREYKIN, សេង ស្រីគីន | ||
| 245 | _aAntibody titer of canine rabies in krang svay commune, preah sdach district, prey veng province. កម្រិតអង់ទីករនៃជំងឺឆ្កែឆ្កួតលើសុនខក្នុងឃុំក្រាំងស្វាយ ស្រុកព្រះស្ដេច ខេត្តព្រៃវែង | ||
| 260 |
_aPHNOM PENH _bRUA _c2025 |
||
| 300 |
_ax,60p. _bill. _c29cm. |
||
| 942 | _cNRM | ||
| 999 |
_c25680 _d25680 |
||